| 000 | 00648nam a22002177a 4500 | ||
|---|---|---|---|
| 001 | 5592 | ||
| 003 | FISKH | ||
| 005 | 20241220143717.0 | ||
| 008 | 241219b cb ||||| |||| 00| 0 eng d | ||
| 020 | _a0153305096 | ||
| 040 |
_aFISKH _beng _cFISKH _dFISKH |
||
| 050 | _aPE1117.H37 | ||
| 100 | _aEarly, Margaret | ||
| 245 |
_aTelescopes / _cby Margaret Early |
||
| 260 |
_aOrlando : _bHarcourt School ; _c1987. |
||
| 300 |
_a344 pages : _bcolor illustrations ; _c25 cm . |
||
| 520 | _aThis book helps children with vocabulary study with textbook application in science. | ||
| 650 |
_acompilation _vFiction |
||
| 942 |
_2ddc _cBK _n0 |
||
| 999 |
_c5592 _d5592 |
||